00800nam a2200217 a 4500001001000000003000900010005001700019007000300036008004100039040002500080082001900105100004700124245005000171260007000221300002200291590002600313910003700339942001400376952017500390999001700565000032300DO-SdBNP20220913153855.0ta110714s1943 dr 000 0 spa d aDO-SdBNPbspacBNPHU 4aRD861.4bM843a1 aMoreno Jimenes, Domingod1894 -198691953410aAntología minima /cDomingo Moreno Jimenes. aSantiago, República Dominicana :bLibrería dominicana,c1943. a[30] p. ;c15 cm. aInventariado, 2019/VM aValidado. Control de calidad MFF 2ddccLBS1 00102ddc51708PD-RVaBNPHUbBNPHUcHDd2011-07-14iLF1oRD861.4 M843ap32300-10r2020-06-25w2020-06-25yLF2zPerteneció a la biblioteca personal de Martínez Boog c31791d31791